Analele stiintifice ale Universitatii "Al. I. Cuza" din Iasi. Serie noua. Sectiunea II. Stiinte naturale A, Biologie.
Saved in:
| New Title: | Analele stiintifice ale Universitatii "Al. I. Cuza" din Iasi. Serie noua. Sectiunea II, Biologie, geologie, geografie Analele stiintifice ale Universitatii "Al. I. Cuza" din Iasi. Serie noua. Sectiunea IIc, Geografie Analele stiintifice ale Universitatii "Al. I. Cuza" din Iasi. Serie noua. Sectiunea IIb, Geologie |
|---|---|
| Previous Title: | Analele stiintifice ale Universitatii "Al. I. Cuza" din Iasi. Serie noua. Sectiunea II, Stiinte naturale |
| Corporate Author: | |
| Format: | Journal |
| Language: | Romanian |
| Published: |
Iasi :
Universitatea,
-1974.
|
| Subjects: |
| LEADER | 02771nas a2200505 a 4500 | ||
|---|---|---|---|
| 001 | c000152523 | ||
| 003 | CARM | ||
| 005 | 20020205155236.0 | ||
| 008 | 860214d19621974rm ar p 0 b0rum d | ||
| 010 | |a 91656114 |z sn 85019671 | ||
| 019 | 1 | |a 4591932 |5 LACONCORD2021 | |
| 022 | |a 0041-9133 | ||
| 030 | |a AUIBAF | ||
| 035 | |a (OCoLC)6208987 |5 LACONCORD2021 | ||
| 040 | |a LC |b eng |c LC | ||
| 041 | 0 | |a rum |b engfre | |
| 042 | |a lc | ||
| 050 | 0 | 0 | |a QH301 |b .A473 |
| 070 | 0 | |a QH320.R8U5 | |
| 072 | 0 | |a X300 | |
| 210 | 0 | |a An. stiint. Univ. "Al. I. Cuza" Iasi, Sect. 2a | |
| 222 | 0 | |a Analele Stiintifice ale Universitatii "Al. I. Cuza" din Iasi, Sectiunea 2a: Biologie | |
| 242 | 0 | 0 | |a Scientific annals of the Universitatii "Al. I. Cuza" din Iasi. |n New series. |n Section II. Natural sciences A, |p Biology. |y eng |
| 245 | 0 | 0 | |a Analele stiintifice ale Universitatii "Al. I. Cuza" din Iasi. |n Serie noua. |n Sectiunea II. Stiinte naturale A, |p Biologie. |
| 246 | 3 | 0 | |a Biologie |
| 260 | |a Iasi : |b Universitatea, |c -1974. | ||
| 300 | |a v. : |b ill., maps ; |c 25 cm. | ||
| 310 | |a Annual. | ||
| 362 | 0 | |a -t. 20, fasc. 2. | |
| 362 | 1 | |a Began with: Tomul 8, published in 1962. | |
| 500 | |a Description based on: Tomul 9, fasc. 1 (anul 1963). | ||
| 510 | 2 | |a Chemical abstracts |x 0009-2258 | |
| 546 | |a In Romanian; summaries in English and French. | ||
| 580 | |a Merged with: Analele stiintifice ale Universitatii "Al. I. Cuza" din Iasi. Serie noua. Sectiunea IIb, Geologie; and: Analele stiintifice ale Universitatii "Al. I. Cuza" din Iasi. Serie noua. Sectiunea IIc, Geografie, to form: Analele stiintifice ale Universitatii "Al. I. Cuza" din Iasi. Serie noua. Sectiunea II, Biologie, geologie, geografie. | ||
| 650 | 0 | |a Biology |x Periodicals. | |
| 710 | 2 | |a Universitatea "Al. I. Cuza" din Iasi. | |
| 780 | 0 | 1 | |t Analele stiintifice ale Universitatii "Al. I. Cuza" din Iasi. Serie noua. Sectiunea II, Stiinte naturale |w (DLC) 91656113 |w (OCoLC)6206691 |
| 785 | 1 | 7 | |t Analele stiintifice ale Universitatii "Al. I. Cuza" din Iasi. Serie noua. Sectiunea II, Biologie, geologie, geografie |x 0250-2895 |w (DLC) 81641263 |w (OCoLC)7402729 |
| 785 | 1 | 7 | |t Analele stiintifice ale Universitatii "Al. I. Cuza" din Iasi. Serie noua. Sectiunea IIc, Geografie |w (OCoLC)11009531 |
| 785 | 1 | 7 | |t Analele stiintifice ale Universitatii "Al. I. Cuza" din Iasi. Serie noua. Sectiunea IIb, Geologie |w (OCoLC)4800370 |w (DLC) 72623434 |
| 852 | 8 | |b CARM |h A2:AK17E0 |i C03548 |p 0196003 |f SE | |
| 866 | 0 | |a 11(1965)-20(1974) Inc. | |
| 866 | 0 | |a 11(1965)-20(1974) Inc. | |
| 999 | f | f | |i 1bd69c4f-e2fb-52e3-aca5-a1d8285dbccd |s 565919d3-bd9e-5644-8158-fa29289f42fc |
| 952 | f | f | |p Can circulate |a CAVAL |b CAVAL |c CAVAL |d CARM 1 Store |e C03548 |f A2:AK17E0 |h Other scheme |i book |k 11(1965)-12(1966), 14(1968)-16(1970), 18(1972)-20(1974) |m 0196003 |